Dictionnaire des littératures / (Record no. 134839)

MARC details
000 -LEADER
campo de control de longitud fija 00884nam a2200265 i 4500
001 - NÚMERO DE CONTROL
campo de control 134839
003 - IDENTIFICADOR DE NÚMERO DE CONTROL
campo de control ES-MaACL
005 - FECHA Y HORA DE LA ÚLTIMA TRANSACCIÓN
campo de control 20251017120928.0
007 - CAMPO FIJO DE DESCRIPCIÓN FÍSICA--INFORMACIÓN GENERAL
campo de control de longitud fija t|
008 - DATOS DE LONGITUD FIJA--INFORMACIÓN GENERAL
campo de control de longitud fija 070629s1984 fr d 00110 fre d
020 ## - NÚMERO INTERNACIONAL ESTÁNDAR DEL LIBRO
Número Internacional Estándar del Libro 2-13-038742-X
080 ## - NÚMERO DE LA CLASIFICACIÓN DECIMAL UNIVERSAL
Número de la Clasificación Decimal Universal 82(038)
245 00 - MENCIÓN DEL TÍTULO
Título Dictionnaire des littératures /
Mención de responsabilidad, etc. publié sous la direction de Philippe van Tieghem ; avec la collaboration de Pierre Josserand.
250 ## - MENCION DE EDICION
Mención de edición 2e éd.
260 ## - PUBLICACIÓN, DISTRIBUCIÓN, ETC.
Lugar de publicación, distribución, etc. Paris :
Nombre del editor, distribuidor, etc. Presses Universitaires de France,
Fecha de publicación, distribución, etc. 1984.
300 ## - DESCRIPCIÓN FÍSICA
Extensión 4 v. ;
Dimensiones 19 cm.
490 1# - MENCIÓN DE SERIE
Mención de serie Quadrige ;
Designación de volumen o secuencia 71-74
505 8# - NOTA DE CONTENIDO CON FORMATO
Nota de contenido con formato Contiene: 1. A-C -- 2. D-J -- 3. K-Q.-- 4. R-Z
650 #4 - PUNTO DE ACCESO ADICIONAL DE MATERIA--TÉRMINO DE MATERIA
Término de materia o nombre geográfico como elemento de entrada Literatura-
Subdivisión de forma Diccionarios.
9 (RLIN) 14484
700 1# - ENTRADA AGREGADA--NOMBRE PERSONAL
Nombre de persona Van Tieghem, Philippe Adrien,
Fechas asociadas al nombre 1898-1969
9 (RLIN) 173802
700 1# - ENTRADA AGREGADA--NOMBRE PERSONAL
Nombre de persona Josserand, Pierre.
9 (RLIN) 67002
830 1# - PUNTO DE ACCESO ADICIONAL DE SERIE-TÍTULO UNIFORME
Título uniforme Quadrige ;
Designación de volumen o secuencia 71-74
9 (RLIN) 180826
852 4# - LOCALIZACIÓN
Ubicación ES-MaACL
Número de control de estantería L-6918-21
Holdings
Estatus retirado Estado de pérdida Estado de daño No para préstamo Biblioteca de origen Biblioteca actual Ubicación en estantería Fecha de adquisición Fuente de adquisición Total de préstamos Signatura topográfica completa Código de barras Visto por última vez Precio de reemplazo Tipo de ítem Koha
        Biblioteca del Ateneo de Madrid Biblioteca del Ateneo de Madrid Depósito 2 17/01/2008     L-6918-21 1140349 23/02/2023 23/02/2023 Libro impreso